MARC details
| 000 -LÍDER |
| campo de controle de tamanho fixo |
01467naa a22003977a 4500 |
| 001 - NÚMERO DE CONTROLE |
| campo de controle |
BR7405476 |
| 003 - IDENTIFICADOR DO NÚMERO DE CONTROLE |
| campo de controle |
BR-BrBNA |
| 005 - DATA E HORÁRIO DA ÚLTIMA TRANSAÇÃO |
| campo de controle |
20240918173624.0 |
| 007 - CAMPO FIXO DE DESCRIÇÃO FÍSICA--INFORMAÇÃO GERAL |
| campo de controle de tamanho fixo |
ta |
| 008 - CAMPO DE DADOS FIXOS--INFORMAÇÃO GERAL |
| campo de controle de tamanho fixo |
230509b bl.||||| |||| 00| 0 por d |
| 040 ## - FONTE DA CATALOGAÇÃO |
| Instituição da catalogação original |
BR-BrBNA |
| Idioma da catalogação |
por |
| Instituição que transcreveu o registro |
Biblioteca Nacional de Agricultura |
| 041 ## - CÓDIGO DE IDIOMA |
| Código do idioma do texto/trilha sonora ou título diferente |
(Pt) |
| 072 ## - CÓDIGO DE CATEGORIA DE ASSUNTO |
| Código de Categoria de Assunto |
L32; L36 |
| Código do objeto |
1930 |
| -- |
9343 |
| -- |
8952 |
| 090 ## - NÚMERO DE CHAMADA LOCAL |
| Número de chamada |
L32 BR7405476 |
| 100 1# - ENTRADA PRINCIPAL--NOME PESSOAL |
| Nome pessoal |
Veiga, J.B. da |
| 100 1# - ENTRADA PRINCIPAL--NOME PESSOAL |
| Nome pessoal |
Campos, J. |
| 111 1# - ENTRADA PRINCIPAL--NOME DO EVENTO |
| Nome do evento ou lugar |
11. Reuniao da Sociedade Brasileira de Zootecnia |
| Local do evento |
Fortaleza, CE (Brazil) |
| Data do evento ou assinatura do tratado |
22 Jul 1974 |
| 245 1# - TÍTULO |
| Título |
Efeito da adicao de melaco, pirosulfito de sodio, ureia e cama de galinha sobre as caracteristicas da silagem de capim-elefante (Pennisetum purpureum, Schum) |
| 260 3# - PUBLICAÇÃO, DISTRIBUIÇÃO, ETC. |
| Local de publicação, distribuição, etc. |
Fortaleza, CE (Brasil): |
| Nome do editor, distribuidor, etc. |
Universidade Federal do Ceara, |
| Data da publicação, distribuição, etc. |
1974. |
| 500 ## - NOTA GERAL |
| Nota geral |
Anais da 11. Reuniao da Sociedade Brasileira de Zootecnia<br/>Fortaleza, CE (Brasil): Universidade Federal do Ceara, 1974. p. 230<br/>(BR7405476-AM)L32<br/> |
| 650 ## - ASSUNTO--TERMO TÓPICO |
| Cabeçalho tópico ou nome geográfico |
Industria alimenticia |
| 650 ## - ASSUNTO--TERMO TÓPICO |
| Cabeçalho tópico ou nome geográfico |
Composicao de alimento |
| 650 ## - ASSUNTO--TERMO TÓPICO |
| Cabeçalho tópico ou nome geográfico |
Capim elefante |
| 650 ## - ASSUNTO--TERMO TÓPICO |
| Cabeçalho tópico ou nome geográfico |
Melaco |
| 650 ## - ASSUNTO--TERMO TÓPICO |
| Cabeçalho tópico ou nome geográfico |
Ureia |
| 650 ## - ASSUNTO--TERMO TÓPICO |
| Cabeçalho tópico ou nome geográfico |
Cama de galinheiro |
| 650 ## - ASSUNTO--TERMO TÓPICO |
| Cabeçalho tópico ou nome geográfico |
Silagem |
| 650 ## - ASSUNTO--TERMO TÓPICO |
| Cabeçalho tópico ou nome geográfico |
Silo |
| 650 ## - ASSUNTO--TERMO TÓPICO |
| Cabeçalho tópico ou nome geográfico |
Armazenamento |
| 650 ## - ASSUNTO--TERMO TÓPICO |
| Cabeçalho tópico ou nome geográfico |
Proteina |
| 650 ## - ASSUNTO--TERMO TÓPICO |
| Cabeçalho tópico ou nome geográfico |
Fermentacao |
| 650 ## - ASSUNTO--TERMO TÓPICO |
| Cabeçalho tópico ou nome geográfico |
Acidez |
| 773 0# - ENTRADA ANALÍTICA |
| Título |
Anais da 11. Reuniao da Sociedade Brasileira de Zootecnia |
| Número de controle do registro |
L32 BR7405476 |
| Partes relacionadas |
Fortaleza, CE (Brasil), 1974. p. 230 |
| 909 ## - |
| -- |
202404 |
| -- |
Lucia |
| -- |
55 |
| -- |
Lucia Elande |
| 942 ## - ELEMENTOS DE ENTRADA ADICIONADOS (KOHA) |
| Tipo de material Koha |
Capítulo-Livro |
| Fonte da classificação ou esquema de arquivamento na estante |
Classificação AGRIS |